000 00240nam a2200097Ia 4500
008 220204s9999 xx 000 0 und d
082 _a82-34
_bBON
245 0 _aChines fairy tales
260 _aBombay
_bSomaiya Publications
_c1969
942 _cBK
999 _c31131
_d31131